Online katalóg knižníc regiónu Turca

Varila myšička kašičku (Record no. 21735)

MARC details
000 -LEADER
fixed length control field 01526nam a2200445 a 4500
001 - CONTROL NUMBER
control field 21735
003 - CONTROL NUMBER IDENTIFIER
control field VRT
005 - DATE AND TIME OF LATEST TRANSACTION
control field 20260309110454.0
008 - FIXED-LENGTH DATA ELEMENTS--GENERAL INFORMATION
fixed length control field 171215s2016 xr a b 000 p slo
015 ## - NATIONAL BIBLIOGRAPHY NUMBER
National bibliography number SNBZSA2016/12
020 ## - INTERNATIONAL STANDARD BOOK NUMBER
International Standard Book Number 9788072671557
Qualifying information (viazané)
Canceled/invalid ISBN 8072671553
035 ## - SYSTEM CONTROL NUMBER
System control number D9B3F4C9-B61B-4705-A124-3E0A27D7E35A
035 ## - SYSTEM CONTROL NUMBER
System control number urn:nbn:sk:snk-amthbm
035 ## - SYSTEM CONTROL NUMBER
System control number urn:nbn:sk:snk-am00c2fv
039 #9 - LEVEL OF BIBLIOGRAPHIC CONTROL AND CODING DETAIL [OBSOLETE]
Level of rules in bibliographic description 202403131921
Level of effort used to assign nonsubject heading access points AUTHORITY
Level of effort used to assign subject headings 202312031510
Level of effort used to assign classification AUTHORITY
Level of effort used to assign subject headings 202312031459
Level of effort used to assign classification AUTHORITY
Level of effort used to assign subject headings 201712151338
Level of effort used to assign classification VLOAD
040 ## - CATALOGING SOURCE
Original cataloging agency SNK
Language of cataloging slo
Transcribing agency SNK
Description conventions AACR2
041 0# - LANGUAGE CODE
Language code of text/sound track or separate title slo
044 ## - COUNTRY OF PUBLISHING/PRODUCING ENTITY CODE
MARC country code xr
ISO country code CZ
072 #7 - SUBJECT CATEGORY CODE
Subject category code 821.162.3
Subject category code subdivision Česká literatúra
Source konspekt
080 ## - UNIVERSAL DECIMAL CLASSIFICATION NUMBER
Universal Decimal Classification number 821.162.3-1
Edition identifier 2011
080 ## - UNIVERSAL DECIMAL CLASSIFICATION NUMBER
Universal Decimal Classification number 82-94
Edition identifier 2011
080 ## - UNIVERSAL DECIMAL CLASSIFICATION NUMBER
Universal Decimal Classification number 82-93-053.2
Edition identifier 2011
245 00 - TITLE STATEMENT
Title Varila myšička kašičku
Statement of responsibility, etc. [zostavila: Mária Štefánková ; ilustrácie: Vladimíra Vopičková]
250 ## - EDITION STATEMENT
Edition statement 1. vyd.
260 ## - PUBLICATION, DISTRIBUTION, ETC.
Place of publication, distribution, etc. Říčany u Prahy
Name of publisher, distributor, etc. Junior
Date of publication, distribution, etc. 2016
300 ## - PHYSICAL DESCRIPTION
Extent [48] nečíslovaných s.
Other physical details ilustr.
Dimensions 23 cm
490 1# - SERIES STATEMENT
Series statement Vakát
655 #7 - INDEX TERM--GENRE/FORM
Genre/form data or focus term česká poézia
Source of term SNKPH
655 #7 - INDEX TERM--GENRE/FORM
Genre/form data or focus term riekanky
Source of term SNKPH
655 #7 - INDEX TERM--GENRE/FORM
Genre/form data or focus term publikácie pre deti
Source of term SNKPH
655 #7 - INDEX TERM--GENRE/FORM
Genre/form data or focus term Czech poetry
Source of term SNKPHeng
655 #7 - INDEX TERM--GENRE/FORM
Genre/form data or focus term Nursery rhymes
Source of term SNKPHeng
655 #7 - INDEX TERM--GENRE/FORM
Genre/form data or focus term Children's literature
Source of term SNKPHeng
700 1# - ADDED ENTRY--PERSONAL NAME
Personal name Vopičková, Vladimíra,
Dates associated with a name 1965-
Relationship ill
700 1# - ADDED ENTRY--PERSONAL NAME
Personal name Štefánková, Mária,
Dates associated with a name 1951-
Relationship com
830 #0 - SERIES ADDED ENTRY--UNIFORM TITLE
Uniform title Vakát
910 ## - USER-OPTION DATA (OCLC)
User-option data snk
942 ## - ADDED ENTRY ELEMENTS (KOHA)
Source of classification or shelving scheme Dewey Decimal Classification
Koha item type Krásna literatúra pre deti
Suppress in OPAC No
949 ## - LOCAL PROCESSING INFORMATION (OCLC)
6 17A1217661
a snkSC 171803
b snk2016/25550
o Pemic98-ah/31Int. č. fa – 75/2016
s 6100:20161222
Holdings
Stav vyradenia Strata Poškodenie Spôsob nadobudnutia Domovská knižnica Aktuálna knižnica Dátum nadobudnutia Total checkouts Čiarový kód exemplára Date last seen Typ exemplára
      Dar Obecná knižnica Turčianska Štiavnička Obecná knižnica Turčianska Štiavnička 09.03.2026   4738000340 09.03.2026 Krásna literatúra pre deti
Projekt je podporený Slovenskou asociáciou knižníc
Prevádzkuje Turčianska knižnica Martin 2026